One piece - Equipage de Barbe Noire - Statistiques

Statistiques générales
  • Ce quiz a été pris 152 fois
  • Le résultat moyen est 10 sur 11
Statistiques - réponses
Hint Réponse % Correct
Capitaine Marshall D. Teach
100%
1ère flotte Jesus Burgess
96%
10ème flotte Aokiji
92%
2ème flotte Shiliew
92%
6ème flotte Katarina Devon
91%
5ème flotte Laffitte
89%
3ème flotte Van Augur
88%
9ème flotte Doc Q
86%
4ème flotte Avalo Pizarro
79%
7ème flotte Sanjuan Wolf
72%
8ème flotte Vasco Shot
70%
Aucun quiz correspondant
Distribution des résultats
% des personnes avec chaque résultat
Percentile par nombre de réponses
Votre historique - résultats
Vous n’avez pas pris ce quiz